Cost-benefit analysis / (Record no. 632)

MARC details
000 -LEADER
fixed length control field 00593nam a22001817a 4500
008 - FIXED-LENGTH DATA ELEMENTS--GENERAL INFORMATION
fixed length control field 120229t xxu||||| |||| 00| 0 eng d
020 ## - INTERNATIONAL STANDARD BOOK NUMBER
International Standard Book Number 0521466741
050 ## - LIBRARY OF CONGRESS CALL NUMBER
Classification number HD47.4.C82
245 ## - TITLE STATEMENT
Title Cost-benefit analysis /
Statement of responsibility, etc. edited by Richard Layard and Stephen Glaister
260 ## - PUBLICATION, DISTRIBUTION, ETC.
Place of publication, distribution, etc. New York:
Name of publisher, distributor, etc. Cambridge University Press,
Date of publication, distribution, etc. c1994.
300 ## - PHYSICAL DESCRIPTION
Extent x, 497 p.:
Other physical details ill;
Dimensions 24cm.
500 ## - GENERAL NOTE
General note Includes index.
505 ## - FORMATTED CONTENTS NOTE
Formatted contents note Contents: Theoretical issues -- How to value things -- Case studies.
650 ## - SUBJECT ADDED ENTRY--TOPICAL TERM
Topical term or geographic name entry element Cost effectiveness.
700 ## - ADDED ENTRY--PERSONAL NAME
Personal name Layard, Richard
700 ## - ADDED ENTRY--PERSONAL NAME
Personal name Glaister, Stephen
942 ## - ADDED ENTRY ELEMENTS (KOHA)
Source of classification or shelving scheme Library of Congress Classification
Koha item type Books
Holdings
Withdrawn status Lost status Source of classification or shelving scheme Damaged status Not for loan Home library Current library Shelving location Date acquired Total Checkouts Full call number Barcode Date last seen Price effective from Koha item type
    Library of Congress Classification     WISCONSIN INTERNATIONAL UNIVERSITY COLLEGE, GHANA - MAIN LIBRARY WISCONSIN INTERNATIONAL UNIVERSITY COLLEGE, GHANA - MAIN LIBRARY General Stacks 29/02/2012   HD47.4.C82 1456/12 29/02/2012 29/02/2012 Books

If you have any concerns or questions; kindly contact the library


© Powered by WIUC ICT DIRECTORATE